000 00787nas a2200265 4500
001 BR9703779
003 BR-BrBNA
005 20231205100359.0
007 ta
008 230509b bl.|||p| |||| 00| 00por d
040 _aBR-BrBNA
_bpor
_cBiblioteca Nacional de Agricultura
041 _a(Pt)
072 _aF50
100 1 _aMakayama, L.H.L.
100 1 _aSoares, M.K.M.
100 1 _aAppezato-Da-Gloria, B.
245 1 _aContribuicao ao estudo anatomico da folha e do caule do cacaueiro (Theobroma cacao L.)
650 _aCacau
650 _aAnatomia Vegetal
650 _aFolha
650 _aCaule
773 0 _tScientia Agricola (Brazil)
_xISSN 0103-9016
_g(Jan-Apr 1996), v. 53(1) p. 73-83
_wBR9703779
909 _a202311
_bLúcia
_c55
_dLúcia Elande
942 _2AGRIS
_n0
_cANA
999 _c155687
_d155687